00806cam a2200229 a 4500001000500000005001700005020001700022040002300039050001500062082000800077100002600085245006000111250004200171260003600213300005900249505000800308520016200316521002000478521002000498650003500518650002300553324620240221154543.0 a078073005994 aDLCcDLCdDLCbeng00aPZ7.S5286500a5431 aShannon, Davidd1959-14aThe amazing Christmas extravaganza /cby Shannon, David aFirst Bookshelf edition, October 2004 aNew York :bScholastic , c1995 a32 unnumbered pages : bcolor illustration ;c26 cm .  aR  aMuch to the dismay of his neighbors and family, Mr. Merriweather's Christmas display grows from a simple string of white lights into an outrageous spectacle. a700 bLexile  aR bRaz-Plus  1aChristmas decorationsxFiction 1aChristmasxFiction